| 000 | 00460cam a2200181ua 4500 | ||
|---|---|---|---|
| 020 | _c2.50 | ||
| 041 |
_amal _h |
||
| 082 |
_a894.81209 _bNAR/GR |
||
| 100 | _aNarayana Menon, Vallathol. | ||
| 245 |
_aGrandhaviharam / _cVallathol Narayana menon. _hTextual Documents |
||
| 250 |
_a2 / _b. |
||
| 260 |
_aCheruthuruthy : _bVallathol Granthalayam , _c1958. |
||
| 300 | _a268 ; . | ||
| 365 | _a2.50 | ||
| 504 | _a | ||
| 942 | _cBK | ||
| 999 |
_c11674 _d11674 |
||